Bekannteste Filme der Harry-Potter-Darsteller - Statistiken

Allgemein
  • Dieses Quiz wurde 6 mal gespielt
  • Das Durchschnittsergebnis liegt bei 3 aus 15
Antwortstatistiken
Schauspieler/in Rolle in HP Filme % Korrekt
Emma Watson Hermine Granger Vielleicht lieber morgen | Little Women | Die Schöne und das Biest | Das ist das Ende | The Bling Ring
83%
Alan Rickman Professor Snape Alice im Wunderland | Tatsächlich… Liebe | Stirb langsam | Sweeney Todd – Der teuflische Barbier aus der Fleet Street | Sinn und Sinnlichkeit
33%
Daniel Radcliffe Harry Potter Die Unfassbaren 2 – Now You See Me | Swiss Army Man | The Lost City – Das Geheimnis der verlorenen Stadt | Die Frau in Schwarz | Weird: Die Al Yankovic Story
33%
Helena Bonham Carter Bellatrix Lestrange Fight Club | Charlie und die Schokoladenfabrik | Alice im Wunderland | Enola Holmes | Ocean’s 8
33%
Ralph Fiennes Lord Voldemort Grand Budapest Hotel | The Menu | Konklave | Schindlers Liste | 28 Years Later
33%
Gary Oldman Sirius Black Oppenheimer | The Dark Knight | Batman Begins | The Dark Knight Rises | Léon: Der Profi
33%
Maggie Smith Professor McGonagall Hook | Sister Act – Eine himmlische Karriere | Eine zauberhafte Nanny – Knall auf Fall in ein neues Abenteuer | Gosford Park | Der Club der Teufelinnen
17%
John Hurt Mr. Ollivander Alien – Das unheimliche Wesen aus einer fremden Welt | V wie Vendettta | Snowpiercer | Indiana Jones und das Königreich des Kristallschädels | Der Elefantenmensch
0%
David Thewlis Remus Lupin Avatar: Fire and Ash | The Big Lebowski | Wonder Woman | Der Junge im gestreiften Pyjama | Justice League
0%
Warwick Davis Professor Flitwick / Griphook Die Rückkehr der Jedi-Ritter / Star Wars Episode VI | Solo: A Star Wars Story | Die Chroniken von Narnia: Prinz Kaspian von Narnia | Maleficent: Mächte der Finsternis | Per Anhalter durch die Galaxis
0%
Richard Harris Albus Dumbledore Gladiator | Erbarmungslos | Monte Cristo | Die Stunde der Patrioten | Die rote Wüste
0%
Robbie Coltrane Rubeus Hagrid Ocean’s 12 | Van Helsing | James Bond 007 – GoldenEye | James Bond 007 – Die Welt ist nicht genug | From Hell
0%
Kenneth Branagh Gilderoy Lockhart Oppenheimer | Dunkirk | Tenet | Der Teufel trägt Prada 2 | Mord im Orient-Express
0%
Michael Gambon Albus Dumbledore Paddington | Kingsman: The Golden Circle | Paddington 2 | Sleepy Hollow | The King's Speech
0%
Richard Griffiths Vernon Dursley Pirates of the Caribbean – Am Ende der Welt | Sleepy Hollow | Hugo Cabret | Bedtime Stories | Die nackte Kanone 2½
0%
Keine übereinstimmenden Quizze gefunden
Verteilung der Resultate
Anzahl Personen mit jedem Resultat
Perzentil nach korrekt beantworteten Fragen
Ihre Resultats-Entwicklung
Sie haben dieses Quiz noch nicht gespielt